[Event "Porto San Giorgio op 28th"]
[Site "Porto San Giorgio"]
[Date "2018.08.31"]
[Round "9"]
[White "Andreozzi, Francesco"]
[Black "Damia, Angelo"]
[Result "1-0"]
[WhiteElo "1882"]
[BlackElo "2313"]
[PlyCount "69"]
[EventDate "2018.08.24"]
[EventType "swiss"]
[EventRounds "9"]
[EventCountry "ITA"]
[SourceTitle "CBM 186 Extra"]
[Source "ChessBase"]
[SourceDate "2018.08.24"]
[SourceVersion "1"]
[SourceVersionDate "2018.08.24"]
[SourceQuality "1"]

1. e4 c6 2. d4 d5 3. Nc3 b5 4. a3 a6 5. Nf3 Bg4 6. Be2 Nf6 7. exd5 Bxf3 8. Bxf3 cxd5 9. Bg5 e6 10. Bf4 Bd6 11. Qd2 Nc6 12. 0-0 Rc8 13. Rfe1 0-0 14. Ne2 Bxf4 15. Nxf4 g5 16. Nh5 Nxh5 17. Bxh5 Qf6 18. Rad1 Qh6 19. Qe2 Ne7 20. Rd3 Nf5 21. Bg4 Ng7 22. Qd2 Qg6 23. c3 h5 24. Bd1 f5 25. Re5 f4 26. h4 gxh4 27. Rh3 Qb1 28. Rxh4 Rf6 29. Kh2 Rcf8 30. Bc2 Qa1 31. Bb3 Qb1 32. Bc2 Qa2 33. Rg5 f3 34. Rhxh5 fxg2 35. Rxg7+ 1-0